00689nam a2200193 a 450000100100000000500170001000800410002702000150006804000250008310000190010824501610012726000490028830000370033750000260037450400190040070000210041970000250044070000300046500003626120200930075632.0120111s1987 mx 000 0 spa d a968251150x aDO-SdBNPbspacBNPHU1 aOlds, Sally B.10aEnfermeria materno infantil :bun concepto integral familiar /cSally B. Olds, Marcia L. Lodon, Patricia A. Ladewig ; traducción Santiago Sapiña Renard. aMéxico :bEditorial Interamericana,c1987. a1283 p. :bil., retrs. ;c29 cm. aTextos a dos columnas aBibliografía12aLodon, Marcia L.12aLadewin, Patricia A.12aSapiña Renard, Santiago